[Event "WY U-16 Chess Olympiad 2019"]
[Site "Corum"]
[Date "2019.11.05"]
[Round "9"]
[White "Acimovic, Sergej"]
[Black "Anacoglu, Cisel"]
[Result "0-1"]
[WhiteElo "1998"]
[BlackElo "1918"]
[Annotator "NA RC"]
[PlyCount "116"]
[EventDate "2019.10.28"]
[EventType "team-tourn"]
[EventCountry "TUR"]
[SourceTitle "playchess.com"]
[Source "ChessBase"]
[SourceQuality "1"]

1. d4 d5 2. c4 c6 3. Nf3 Nf6 4. e3 a6 5. Bd3 b5 6. b3 Bg4 7. Nbd2 e6 8. O-O Nbd7 9. h3 Bh5 10. Bb2 Bd6 11. e4 Bg6 12. Ne5 Bxe5 13. dxe5 Nxe4 14. Bxe4 dxe4 15. Qe2 Qh4 16. g3 Qxh3 17. Nxe4 O-O 18. Rad1 Rfd8 19. Rd6 Qf5 20. Qd2 Qxe4 21. Rxd7 Rxd7 22. Qxd7 Qf3 23. Qd1 Be4 24. Qxf3 Bxf3 25. Ba3 f6 26. exf6 gxf6 27. Bd6 Kf7 28. Rc1 e5 29. Rc3 e4 30. c5 Rg8 31. Bf4 Rd8 32. Bd6 h5 33. Kf1 Rh8 34. Ke1 h4 35. gxh4 Rxh4 36. Rc2 Rh1+ 37. Kd2 Rd1+ 38. Kc3 Rd3+ 39. Kb4 Bd1 40. Rb2 Ke6 41. Ka5 Kd5 42. Kxa6 f5 43. Kb6 b4 44. Bf4 Bf3 45. Bd2 Rc3 46. Be3 Rd3 47. Ka5 Ke5 48. Kxb4 f4 49. a4 fxe3 50. fxe3 Rxe3 51. a5 Be2 52. Rd2 Bb5 53. Rd6 Rd3 54. Rh6 e3 55. Rh8 e2 56. Re8+ Kd5 57. a6 Bxa6 58. Ka5 Rd1 0-1

[Event "WY U-16 Chess Olympiad 2019"]
[Site "Corum"]
[Date "2019.11.05"]
[Round "9"]
[White "Gurel, Ediz"]
[Black "Veljanoski, Andrej"]
[Result "1-0"]
[WhiteElo "1995"]
[BlackElo "1936"]
[Annotator "NA RC"]
[PlyCount "69"]
[EventDate "2019.10.28"]
[EventType "team-tourn"]
[EventCountry "TUR"]
[SourceTitle "playchess.com"]
[Source "ChessBase"]
[SourceQuality "1"]

1. e4 e5 2. Nf3 Nc6 3. Bb5 a6 4. Ba4 Nf6 5. O-O Be7 6. Re1 b5 7. Bb3 d6 8. c3 O-O 9. h3 Nb8 10. d4 Nbd7 11. Nbd2 c5 12. Nf1 Qc7 13. Ng3 Re8 14. Ng5 c4 15. Bc2 h6 16. Nf3 Nf8 17. Nh4 N6h7 18. Nhf5 Ng6 19. Nh5 Bf8 20. Qg4 Re6 21. d5 Re8 22. Be3 Qd8 23. a4 Rb8 24. axb5 axb5 25. Ra7 Nf6 26. Qf3 Nxh5 27. Nxh6+ Kh7 28. Nxf7 Nhf4 29. Nxd8 Rxd8 30. g3 Nxh3+ 31. Kg2 Ne7 32. Qh5+ Kg8 33. g4 Nf4+ 34. Bxf4 exf4 35. e5 1-0

[Event "WY U-16 Chess Olympiad 2019"]
[Site "Corum"]
[Date "2019.11.05"]
[Round "9"]
[White "Bagvilas, Lukas"]
[Black "Shohradowa, Lala"]
[Result "1-0"]
[WhiteElo "1983"]
[BlackElo "2024"]
[Annotator "NA RC"]
[PlyCount "73"]
[EventDate "2019.10.28"]
[EventType "team-tourn"]
[EventCountry "TUR"]
[SourceTitle "playchess.com"]
[Source "ChessBase"]
[SourceQuality "1"]

1. e4 e6 2. d4 d5 3. Nc3 Bb4 4. exd5 exd5 5. Bd3 Nf6 6. Nge2 O-O 7. O-O c6 8. Bg5 Bd6 9. Qd2 Nbd7 10. Ng3 Qc7 11. Rae1 b6 12. a3 Bb7 13. Nf5 Rfe8 14. Nxg7 Rxe1 15. Rxe1 Bxh2+ 16. Kh1 Ng4 17. Nf5 Nf8 18. Bf6 Ng6 19. Nh6+ Kf8 20. Nxg4 Bf4 21. Qe2 c5 22. Bxg6 hxg6 23. Qe7+ Qxe7 24. Bxe7+ Kg7 25. dxc5 g5 26. Bd6 Rh8+ 27. Kg1 Rh4 28. Bxf4 Rxg4 29. Be5+ Kg6 30. f3 Rc4 31. cxb6 d4 32. Ne4 Rxc2 33. Bxd4 axb6 34. Bc3 f5 35. Nd2 g4 36. fxg4 fxg4 37. Kf2 1-0

[Event "WY U-16 Chess Olympiad 2019"]
[Site "Corum"]
[Date "2019.11.05"]
[Round "9"]
[White "Demchenko, Svitlana"]
[Black "Samadashvili, Martha"]
[Result "0-1"]
[WhiteElo "1953"]
[BlackElo "2155"]
[Annotator "ChessBase"]
[PlyCount "76"]
[EventDate "2019.10.28"]
[EventType "team-tourn"]
[EventCountry "TUR"]
[SourceTitle "playchess.com"]
[Source "ChessBase"]
[SourceQuality "1"]

1. e4 c5 2. Nf3 e6 3. d4 cxd4 4. Nxd4 Nc6 5. Nc3 Qc7 6. Be3 a6 7. f4 b5 8. Qf3 Bb7 9. Bd3 d6 10. O-O-O Nf6 11. g4 Be7 12. Kb1 Rc8 13. g5 Nd7 14. f5 Nde5 15. Qf1 Nxd4 16. Bxd4 Bxg5 17. fxe6 fxe6 18. Qh3 Qe7 19. Bxe5 dxe5 20. Rhf1 Bf6 21. Be2 O-O 22. Bg4 Rfe8 23. Nd5 exd5 24. Bxc8 Bxc8 25. Qb3 Kh8 26. Qxd5 Bb7 27. Qd3 Qc7 28. c3 h6 29. Qf3 Qc4 30. Rfe1 Rc8 31. Rd6 Bh4 32. Re2 b4 33. Rd3 Qc5 34. Kc2 Bg5 35. Qg4 Qa5 36. Qd7 Rd8 37. cxb4 Qxa2 38. Qg4 Rxd3 0-1

[Event "WY U-16 Chess Olympiad 2019"]
[Site "Corum"]
[Date "2019.11.05"]
[Round "9"]
[White "Lee, Care Greene"]
[Black "Laohawirapap, Prin"]
[Result "1-0"]
[WhiteElo "1950"]
[BlackElo "1774"]
[Annotator "NA"]
[PlyCount "107"]
[EventDate "2019.10.28"]
[EventType "team-tourn"]
[EventCountry "TUR"]
[SourceTitle "playchess.com"]
[Source "ChessBase"]
[SourceQuality "1"]

1. e4 c6 2. d4 d5 3. Nd2 dxe4 4. Nxe4 Bf5 5. Ng3 Bg6 6. h4 h6 7. Nf3 Nd7 8. h5 Bh7 9. Bd3 Bxd3 10. Qxd3 e6 11. Bd2 Ngf6 12. O-O-O Be7 13. Kb1 O-O 14. Ne4 Nxe4 15. Qxe4 Nf6 16. Qe2 Qd5 17. Be3 Bd6 18. c4 Qf5+ 19. Ka1 Rfd8 20. Nh4 Qg4 21. f3 Qxh5 22. Qe1 Bc7 23. b4 g5 24. Nf5 Bh2 25. g4 Qh3 26. Qf2 exf5 27. Rxh2 Nxg4 28. Rxh3 Nxf2 29. Bxf2 Rd6 30. f4 Re8 31. fxg5 hxg5 32. Re3 Rxe3 33. Bxe3 f4 34. Bc1 Kg7 35. Kb2 Kg6 36. Kc3 Kf5 37. Kd3 g4 38. Rf1 f3 39. Be3 Rd8 40. a4 Rd6 41. b5 Rd8 42. bxc6 bxc6 43. Rb1 g3 44. Rb7 f6 45. Rg7 Rb8 46. Rxg3 Rb3+ 47. Kd2 Rb2+ 48. Kc3 Ra2 49. Rxf3+ Ke4 50. Kb3 Ra1 51. Rh3 Rb1+ 52. Kc3 Ra1 53. Kb4 Rb1+ 54. Kc5 1-0

[Event "WY U-16 Chess Olympiad 2019"]
[Site "Corum"]
[Date "2019.11.05"]
[Round "9"]
[White "Baranciuc, Alexandr"]
[Black "Sismeiro, Miguel"]
[Result "1/2-1/2"]
[WhiteElo "1923"]
[BlackElo "2113"]
[Annotator "ChessBase"]
[PlyCount "83"]
[EventDate "2019.10.28"]
[EventType "team-tourn"]
[EventCountry "TUR"]
[SourceTitle "playchess.com"]
[Source "ChessBase"]
[SourceQuality "1"]

1. e4 c5 2. Nf3 e6 3. b3 b6 4. Bb2 Bb7 5. Qe2 d6 6. g3 Nd7 7. Bg2 Ngf6 8. d3 Be7 9. Nbd2 O-O 10. O-O Qc7 11. Rfe1 a6 12. Rad1 Rfd8 13. h4 Rac8 14. Nc4 b5 15. Ne3 Bf8 16. c4 b4 17. Nh2 g6 18. Neg4 e5 19. Bc1 Nxg4 20. Nxg4 Bg7 21. Bh3 Rf8 22. Bh6 Rce8 23. Bxg7 Kxg7 24. Ne3 Nb8 25. Qd2 Nc6 26. f4 Nd4 27. Rf1 exf4 28. Rxf4 Qe7 29. Nc2 Qe5 30. Nxd4 Qxd4+ 31. Qf2 Qxf2+ 32. Kxf2 a5 33. a4 Re5 34. Rf1 f6 35. Kg1 Bc6 36. R1f2 h6 37. Rf1 Bb7 38. Bg4 Bc6 39. Bh3 Bb7 40. Bg4 Bc6 41. Bh3 Bb7 42. Bg4 1/2-1/2

[Event "WY U-16 Chess Olympiad 2019"]
[Site "Corum"]
[Date "2019.11.05"]
[Round "9"]
[White "Aydin, Gulenay"]
[Black "Kuhar, Larisa"]
[Result "1/2-1/2"]
[WhiteElo "1918"]
[BlackElo "2030"]
[Annotator "NA"]
[PlyCount "73"]
[EventDate "2019.10.28"]
[EventType "team-tourn"]
[EventCountry "TUR"]
[SourceTitle "playchess.com"]
[Source "ChessBase"]
[SourceQuality "1"]

1. e4 c5 2. Nf3 d6 3. d4 cxd4 4. Nxd4 Nf6 5. Nc3 a6 6. f3 e5 7. Nb3 Be6 8. Be3 h5 9. Qd2 Nbd7 10. O-O-O Rc8 11. Kb1 Be7 12. g3 b5 13. Nd5 Bxd5 14. exd5 Nb6 15. Bxb6 Qxb6 16. h3 O-O 17. g4 h4 18. Be2 Ra8 19. Rhg1 a5 20. Qe1 a4 21. Nc1 Rfc8 22. g5 Nh5 23. g6 fxg6 24. Bd3 Nf4 25. Bxg6 Nxg6 26. Rxg6 Bf6 27. Rxf6 gxf6 28. Qxh4 Rc7 29. Qxf6 Rf8 30. Qe6+ Rff7 31. Nd3 Rce7 32. Qc8+ Kh7 33. Qg4 Rg7 34. Qf5+ Kg8 35. Qc8+ Kh7 36. Qf5+ Kg8 37. Qc8+ 1/2-1/2

[Event "WY U-16 Chess Olympiad 2019"]
[Site "Corum"]
[Date "2019.11.05"]
[Round "9"]
[White "Slaba, Andrea"]
[Black "Briem, Benedikt"]
[Result "1-0"]
[WhiteElo "1907"]
[BlackElo "1816"]
[Annotator "NA RC"]
[PlyCount "199"]
[EventDate "2019.10.28"]
[EventType "team-tourn"]
[EventCountry "TUR"]
[SourceTitle "playchess.com"]
[Source "ChessBase"]
[SourceQuality "1"]

1. d4 Nf6 2. c4 e6 3. Nc3 Bb4 4. f3 d5 5. a3 Bxc3+ 6. bxc3 c5 7. e3 O-O 8. cxd5 exd5 9. Bd3 Re8 10. Ne2 b6 11. O-O Ba6 12. Bc2 Nbd7 13. Re1 Nf8 14. Nf4 Bb7 15. Bd2 Qc7 16. Bd3 Re7 17. Ne2 Rae8 18. Ng3 g6 19. Rc1 Qd6 20. Bb5 Rd8 21. Bd3 Rde8 22. c4 dxc4 23. Bxc4 Ne6 24. dxc5 Nxc5 25. Bc3 Qxd1 26. Rexd1 Nfd7 27. e4 Ne5 28. Bb5 Rc8 29. Bd4 a6 30. Bf1 Ned7 31. Ne2 Rb8 32. Bf2 Ree8 33. Bg3 Rbc8 34. Nf4 Nf8 35. Nd5 Bxd5 36. Rxd5 Nfe6 37. Rd6 b5 38. Rd5 Rc6 39. f4 Rec8 40. f5 Nf8 41. Rd6 Rxd6 42. Bxd6 Nfd7 43. f6 Re8 44. Bxc5 Nxf6 45. Bb4 Ra8 46. Be2 Nxe4 47. Bf3 f5 48. Bxe4 fxe4 49. Kf2 a5 50. Be1 b4 51. axb4 axb4 52. Bxb4 Ra2+ 53. Kg3 Re2 54. Re1 Rb2 55. Rxe4 Rb3+ 56. Kf2 Rb2+ 57. Kf3 Rb3+ 58. Ke2 Rb2+ 59. Bd2 Kf7 60. Rb4 Ra2 61. Rb7+ Kg8 62. Kd3 Ra3+ 63. Bc3 Ra2 64. Rb2 Ra7 65. Rf2 Rb7 66. Bd4 Rd7 67. Ke4 Re7+ 68. Kd5 Rd7+ 69. Ke5 Kg7 70. Bb2 Kg8 71. Ke6 Rb7 72. Be5 Ra7 73. Rd2 Ra6+ 74. Rd6 Ra8 75. Rd7 Ra6+ 76. Ke7 Ra8 77. Rd8+ Rxd8 78. Kxd8 Kf7 79. Kd7 g5 80. Bd4 h5 81. Be5 h4 82. Bd4 Kg6 83. Ke6 Kh5 84. Kf5 g4 85. Bf2 g3 86. hxg3 hxg3 87. Bxg3 Kh6 88. Bf4+ Kg7 89. g4 Kf7 90. g5 Kg7 91. g6 Kg8 92. Be5 Kf8 93. g7+ Kg8 94. Ke6 Kh7 95. Kf7 Kh6 96. g8=Q Kh5 97. Qg6+ Kh4 98. Qg1 Kh5 99. Kf6 Kh4 100. Qg5+ 1-0

[Event "WY U-16 Chess Olympiad 2019"]
[Site "Corum"]
[Date "2019.11.05"]
[Round "9"]
[White "Halynyazow, Vepaly"]
[Black "Butvilas, Aistis"]
[Result "1/2-1/2"]
[WhiteElo "1903"]
[BlackElo "2116"]
[Annotator "TA"]
[PlyCount "158"]
[EventDate "2019.10.28"]
[EventType "team-tourn"]
[EventCountry "TUR"]
[SourceTitle "playchess.com"]
[Source "ChessBase"]
[SourceQuality "1"]

1. d4 Nf6 2. c4 e6 3. Nf3 b6 4. g3 Bb7 5. Bg2 Be7 6. Nc3 Ne4 7. Qc2 Nxc3 8. bxc3 Nc6 9. O-O Na5 10. c5 O-O 11. c4 bxc5 12. dxc5 Bc6 13. Rd1 Bf6 14. Bb2 Bxb2 15. Qxb2 Qf6 16. Qb4 Nb7 17. Rab1 a5 18. Qa3 Ra7 19. Qe3 Qe7 20. Ne5 Qxc5 21. Bxc6 dxc6 22. Qf4 Nd6 23. Nd7 Qxc4 24. Nxf8 Qxf4 25. gxf4 Kxf8 26. Rdc1 Ra6 27. f3 Ke7 28. e4 Kd7 29. Rc5 Kc8 30. Kf2 g6 31. Rcc1 Nb7 32. Kg3 Nd6 33. Rc5 Nb7 34. Rc2 Nd6 35. Rcb2 Ra8 36. Rc1 Ra6 37. Kh4 h6 38. Kg3 Kd7 39. Rb8 Rb6 40. Ra8 Rb5 41. a4 Rb3 42. Kf2 Rb2+ 43. Kg1 Nb7 44. Rd1+ Ke7 45. Rc8 Nc5 46. Rxc7+ Kf6 47. e5+ Kg7 48. Rxc6 Nxa4 49. Rd8 g5 50. f5 exf5 51. Rd7 Rb1+ 52. Kg2 Rb2+ 53. Kg3 f4+ 54. Kg4 Nb6 55. Rb7 Nc4 56. Rxb2 Nxe5+ 57. Kf5 Nxc6 58. Ke4 Ne7 59. Rb6 Ng6 60. Rb3 Nh4 61. Ke5 a4 62. Rc3 Kg6 63. Ra3 Kg7 64. Ke4 Kg6 65. Rc3 Kg7 66. h3 Kg6 67. Ra3 Kg7 68. Rxa4 Kg6 69. Ra3 Kf6 70. Ra6+ Kg7 71. Rb6 Ng2 72. Ke5 Nh4 73. Rb3 Kg6 74. Kd6 Kg7 75. Ke7 Nf5+ 76. Ke8 Nd6+ 77. Kd7 Nf5 78. Rd3 Nh4 79. Ke8 Ng6 1/2-1/2

[Event "WY U-16 Chess Olympiad 2019"]
[Site "Corum"]
[Date "2019.11.05"]
[Round "9"]
[White "Ozbek, Busra"]
[Black "Ismayilov, Arturan"]
[Result "1/2-1/2"]
[WhiteElo "1903"]
[BlackElo "1561"]
[Annotator "NA RC"]
[PlyCount "173"]
[EventDate "2019.10.28"]
[EventType "team-tourn"]
[EventCountry "TUR"]
[SourceTitle "playchess.com"]
[Source "ChessBase"]
[SourceQuality "1"]

1. d4 Nf6 2. c4 g6 3. f3 d5 4. cxd5 Nxd5 5. e4 Nb6 6. Nc3 Bg7 7. Be3 O-O 8. Qd2 c6 9. f4 Be6 10. Nf3 Bc4 11. b3 Bxf1 12. Rxf1 e6 13. Kf2 a5 14. Kg1 a4 15. Rac1 N8d7 16. h3 axb3 17. axb3 Qe7 18. Qf2 Ra6 19. f5 exf5 20. exf5 Ra5 21. g4 gxf5 22. Nh4 f4 23. Bxf4 Bxd4 24. Qxd4 Qxh4 25. Kg2 Nd5 26. Bg3 Qh6 27. Kh2 Nxc3 28. Rxc3 Rd5 29. Qe3 Qxe3 30. Rxe3 f6 31. Bh4 Kg7 32. Rf4 Kg6 33. Kg3 Rf7 34. Kg2 Ne5 35. Rf5 Nd7 36. Rxd5 cxd5 37. Rd3 Nc5 38. Rxd5 Nxb3 39. Bf2 Rc7 40. h4 Kf7 41. Rb5 Nd2 42. Bd4 Rd7 43. Ba1 Nc4 44. Kf3 Ke6 45. Kf4 h6 46. Rb4 Rc7 47. Bd4 Na5 48. Rb6+ Nc6 49. Ke4 Rd7 50. Be3 Rh7 51. h5 Rg7 52. Kf3 Rh7 53. Ke4 Rg7 54. Kf3 Ke5 55. Bf4+ Kd5 56. Bxh6 Ne5+ 57. Kf4 Rxg4+ 58. Kf5 Rh4 59. Rxb7 Rxh5+ 60. Kxf6 Rxh6+ 61. Kg5 Rd6 62. Kf5 Nd3 63. Rc7 Rd8 64. Rf7 Ne5 65. Rf6 Rb8 66. Ra6 Rb5 67. Kf4 Nd3+ 68. Kf5 Kd4+ 69. Kf6 Nc5 70. Ra1 Ne4+ 71. Kg6 Ke5 72. Kh5 Rb6 73. Kg4 Rg6+ 74. Kf3 Rg3+ 75. Ke2 Nc3+ 76. Kf2 Kf4 77. Ra8 Ne4+ 78. Ke2 Re3+ 79. Kd1 Rc3 80. Ke2 Re3+ 81. Kd1 Ke5 82. Re8+ Kd4 83. Rd8+ Kc5 84. Rc8+ Kd6 85. Rd8+ Kc7 86. Rh8 Rg3 87. Ke2 1/2-1/2

[Event "WY U-16 Chess Olympiad 2019"]
[Site "Corum"]
[Date "2019.11.05"]
[Round "9"]
[White "Wong Ching Chi"]
[Black "Vojta, Jakub"]
[Result "0-1"]
[WhiteElo "1879"]
[BlackElo "2134"]
[Annotator "TA"]
[PlyCount "136"]
[EventDate "2019.10.28"]
[EventType "team-tourn"]
[EventCountry "TUR"]
[SourceTitle "playchess.com"]
[Source "ChessBase"]
[SourceQuality "1"]

1. d4 Nf6 2. c4 g6 3. Nc3 d5 4. cxd5 Nxd5 5. Bd2 Bg7 6. e4 Nb6 7. Be3 O-O 8. Qd2 Nc6 9. Nf3 Re8 10. Be2 Bg4 11. d5 Na5 12. b3 e6 13. Rc1 exd5 14. Nxd5 Nc6 15. h3 Nxd5 16. Qxd5 Be6 17. Qb5 Rb8 18. Ng5 Nd4 19. Qd3 Nxe2 20. Qxe2 b6 21. O-O c5 22. Bf4 Rb7 23. Rfd1 Qf6 24. Be3 h6 25. Nf3 Rd8 26. Rxd8+ Qxd8 27. Rd1 Rd7 28. Rxd7 Qxd7 29. Qd2 Qxd2 30. Nxd2 Kf8 31. Bf4 Ke7 32. Bb8 Kd7 33. Kf1 Kc6 34. Ke2 a5 35. a4 b5 36. Kd3 c4+ 37. bxc4 bxa4 38. e5 f6 39. f4 g5 40. Ke4 gxf4 41. Kxf4 a3 42. Nb3 a2 43. Nxa5+ Kb6 44. Nb3 Bxc4 45. Na1 fxe5+ 46. Bxe5 Bxe5+ 47. Kxe5 Bf1 48. Kd4 Bxg2 49. h4 Kc6 50. Nc2 Kd6 51. Kc3 Ke5 52. Kb2 Bd5 53. Nb4 Bc4 54. Nc6+ Kf4 55. Ne7 Kg4 56. Ng6 Kh5 57. Ne7 Be6 58. Nc6 Kg4 59. Ka1 h5 60. Nd4 Bd5 61. Ne2 Bc4 62. Nd4 Kxh4 63. Nf3+ Kg3 64. Nd4 Kf4 65. Nc6 h4 66. Ne7 h3 67. Ng6+ Kg3 68. Ne7 Be6 0-1

[Event "WY U-16 Chess Olympiad 2019"]
[Site "Corum"]
[Date "2019.11.05"]
[Round "9"]
[White "Prasitsoonthorn, Teerachoti"]
[Black "Hairul, Muhd Ilhan Mansiz"]
[Result "1/2-1/2"]
[WhiteElo "1866"]
[BlackElo "1832"]
[Annotator "NA"]
[PlyCount "127"]
[EventDate "2019.10.28"]
[EventType "team-tourn"]
[EventCountry "TUR"]
[SourceTitle "playchess.com"]
[Source "ChessBase"]
[SourceQuality "1"]

1. e4 e5 2. Nf3 Nf6 3. Nxe5 d6 4. Nf3 Nxe4 5. d4 d5 6. Bd3 Bd6 7. O-O O-O 8. c4 c6 9. Qc2 f5 10. b3 b6 11. Ba3 Bxa3 12. Nxa3 Qd6 13. Qc1 Be6 14. cxd5 Bxd5 15. Nc4 Qc7 16. Ne3 Qd6 17. Nxd5 cxd5 18. Ne5 Nd7 19. Nxd7 Qxd7 20. f3 Nd6 21. Qf4 h6 22. Qe5 Nb5 23. a4 Nc3 24. Qe1 Rac8 25. Rc1 Na2 26. Ra1 Nc3 27. Qd2 b5 28. axb5 Nxb5 29. Qb4 Rb8 30. Rfe1 Nc7 31. Qc5 Ne6 32. Qxa7 Rb7 33. Qa4 Qd6 34. Bxf5 Nxd4 35. Qxd4 Rxf5 36. Qg4 Qc5+ 37. Kh1 Rff7 38. Ra6 Rbe7 39. Rae6 Qc3 40. Qh4 Rxe6 41. Rxe6 Qxb3 42. Re8+ Kh7 43. h3 Qc2 44. Qd4 Qc1+ 45. Kh2 Qc7+ 46. Qe5 Qxe5+ 47. Rxe5 Rd7 48. Kg3 Kg6 49. Kf2 Kf6 50. f4 g5 51. g3 gxf4 52. gxf4 d4 53. Ke2 d3+ 54. Kd2 Rd4 55. Re3 Rxf4 56. Rxd3 Kg5 57. Ke2 Kh4 58. Re3 h5 59. Rd3 Ra4 60. Kf2 Ra5 61. Kg2 Ra2+ 62. Kg1 Kg5 63. Rd5+ Kh4 64. Rd3 1/2-1/2

[Event "WY U-16 Chess Olympiad 2019"]
[Site "Corum"]
[Date "2019.11.05"]
[Round "9"]
[White "Velkovski, Kristijan"]
[Black "Buyuk, Ecrin Efsa"]
[Result "1-0"]
[WhiteElo "1866"]
[BlackElo "1747"]
[Annotator "NA"]
[PlyCount "93"]
[EventDate "2019.10.28"]
[EventType "team-tourn"]
[EventCountry "TUR"]
[SourceTitle "playchess.com"]
[Source "ChessBase"]
[SourceQuality "1"]

1. e4 c6 2. d4 d5 3. exd5 cxd5 4. Bd3 Nc6 5. c3 Nf6 6. Bf4 Bg4 7. Qb3 Qd7 8. Nd2 e6 9. Ngf3 Bxf3 10. Nxf3 Bd6 11. Bxd6 Qxd6 12. O-O O-O 13. Rfe1 Rab8 14. Qc2 b5 15. b4 Rfc8 16. Qe2 Ne7 17. Rec1 a6 18. Qe1 Ng6 19. g3 Qc6 20. Nd2 Nd7 21. Nb3 Nb6 22. Nc5 Nc4 23. a4 Ra8 24. Rc2 Nf8 25. Rca2 Rcb8 26. axb5 axb5 27. Bxc4 dxc4 28. Qe4 Qxe4 29. Nxe4 Rxa2 30. Rxa2 Rb6 31. Ra8 f5 32. Nc5 Kf7 33. Rxf8+ Kxf8 34. Nd7+ Ke7 35. Nxb6 Kd6 36. h4 Kc6 37. Nxc4 bxc4 38. Kg2 Kb5 39. Kf3 g6 40. Kf4 Ka4 41. Ke3 h6 42. d5 exd5 43. Kd4 g5 44. Kxd5 Kb5 45. hxg5 hxg5 46. f4 g4 47. Kd4 1-0

[Event "WY U-16 Chess Olympiad 2019"]
[Site "Corum"]
[Date "2019.11.05"]
[Round "9"]
[White "Koc, Azra Ece"]
[Black "Herega, Nejc"]
[Result "1/2-1/2"]
[WhiteElo "1860"]
[BlackElo "1976"]
[Annotator "NA"]
[PlyCount "83"]
[EventDate "2019.10.28"]
[EventType "team-tourn"]
[EventCountry "TUR"]
[SourceTitle "playchess.com"]
[Source "ChessBase"]
[SourceQuality "1"]

1. d4 Nf6 2. Bf4 e6 3. e3 c5 4. c3 d5 5. Nd2 Bd6 6. Bg3 O-O 7. Ngf3 b6 8. Bd3 Ba6 9. Bxa6 Nxa6 10. Qe2 Nc7 11. Ne5 Bxe5 12. dxe5 Nd7 13. Nf3 c4 14. O-O Nc5 15. Nd4 Qd7 16. f4 g6 17. Qg4 Ne8 18. f5 Ng7 19. f6 Nf5 20. Rf3 Rfd8 21. Raf1 h5 22. Qf4 Ne4 23. Bh4 Kh7 24. Rh3 Rh8 25. Bg5 Kg8 26. g4 Nxd4 27. exd4 Kf8 28. gxh5 gxh5 29. Bh6+ Ke8 30. Rxh5 Qa4 31. Qg4 Kd7 32. Bg7 Rhg8 33. Rh7 Qc2 34. Qh5 Raf8 35. Qd1 Qxb2 36. Qa4+ Kc8 37. Qxa7 Qxc3 38. Qxb6 Qe3+ 39. Kh1 Nf2+ 40. Rxf2 Qxf2 41. Qc6+ Kb8 42. Qb6+ 1/2-1/2

[Event "WY U-16 Chess Olympiad 2019"]
[Site "Corum"]
[Date "2019.11.05"]
[Round "9"]
[White "Hatirli, Ugur Can"]
[Black "Abdikani Nor, Mohamed"]
[Result "1-0"]
[WhiteElo "1852"]
[BlackElo "1518"]
[Annotator "NA"]
[PlyCount "125"]
[EventDate "2019.10.28"]
[EventType "team-tourn"]
[EventCountry "TUR"]
[SourceTitle "playchess.com"]
[Source "ChessBase"]
[SourceQuality "1"]

1. d4 Nf6 2. c4 e6 3. Nf3 d5 4. g3 Bb4+ 5. Bd2 Be7 6. Bg2 O-O 7. O-O Ne4 8. Nc3 f5 9. Rc1 Nd7 10. cxd5 Nxc3 11. Bxc3 exd5 12. Qb3 c6 13. Rfd1 Qe8 14. Ne1 Qf7 15. Nd3 Bd6 16. e3 Re8 17. Bb4 Qe7 18. Bxd5+ Kh8 19. Bf3 Bxb4 20. Qxb4 Nb6 21. Qxe7 Rxe7 22. b3 Be6 23. Nf4 Bd5 24. Nxd5 Nxd5 25. Bxd5 cxd5 26. Rc5 Rd8 27. Rdc1 Kg8 28. Rc7 Kf7 29. Kf1 Ke6 30. Ke2 Rdd7 31. Rxd7 Rxd7 32. Rc8 a6 33. Kd2 Kd6 34. h4 Rc7 35. Rd8+ Rd7 36. Rh8 g6 37. f3 Ke6 38. Re8+ Re7 39. Rc8 Kd6 40. a4 Rc7 41. Rd8+ Rd7 42. Rg8 Ke6 43. a5 Kd6 44. Rc8 Ke6 45. Kd3 Kd6 46. b4 Re7 47. Rc5 h5 48. b5 Rc7 49. bxa6 bxa6 50. Rxc7 Kxc7 51. e4 dxe4+ 52. fxe4 fxe4+ 53. Kxe4 Kd6 54. d5 Kd7 55. Ke5 Ke7 56. d6+ Kd7 57. Kd5 Kd8 58. Ke6 Ke8 59. d7+ Kd8 60. Kd6 g5 61. hxg5 h4 62. g6 hxg3 63. g7 1-0

[Event "WY U-16 Chess Olympiad 2019"]
[Site "Corum"]
[Date "2019.11.05"]
[Round "9"]
[White "Zaid Alaa Chasib"]
[Black "Jingjang, Shin"]
[Result "0-1"]
[WhiteElo "1844"]
[BlackElo "1584"]
[Annotator "NA"]
[PlyCount "90"]
[EventDate "2019.10.28"]
[EventType "team-tourn"]
[EventCountry "TUR"]
[SourceTitle "playchess.com"]
[Source "ChessBase"]
[SourceQuality "1"]

1. e4 e6 2. d4 d5 3. e5 c5 4. c3 Nc6 5. Nf3 cxd4 6. cxd4 Qb6 7. a3 Nh6 8. b4 Nf5 9. Be3 Bd7 10. Nc3 Rc8 11. Na4 Qc7 12. Rc1 a6 13. Bd3 Nxe3 14. fxe3 Be7 15. O-O O-O 16. Nc5 f6 17. exf6 Bxf6 18. Qc2 h6 19. Rf2 Ne7 20. Ne5 Bxe5 21. dxe5 Rxf2 22. Qxf2 b6 23. Rf1 Nf5 24. Bxf5 bxc5 25. Bg6 Bb5 26. Rc1 Qxe5 27. bxc5 Rf8 28. Qd2 Qf6 29. Bd3 Bxd3 30. Qxd3 Qf2+ 31. Kh1 Qb2 32. Rb1 Qa2 33. h3 Rc8 34. Qg6 Kh8 35. c6 Qc4 36. Rb7 Qf1+ 37. Kh2 Qf6 38. Qc2 Qe5+ 39. Kh1 Qxe3 40. c7 Qe1+ 41. Kh2 Qe5+ 42. g3 Kg8 43. Qc5 Kf7 44. Ra7 g5 45. Rxa6 Qe2+ 0-1

[Event "WY U-16 Chess Olympiad 2019"]
[Site "Corum"]
[Date "2019.11.05"]
[Round "9"]
[White "Cheah, Kah Hoe"]
[Black "Felix, Ethon"]
[Result "1/2-1/2"]
[WhiteElo "1815"]
[BlackElo "1675"]
[Annotator "NA RC"]
[PlyCount "129"]
[EventDate "2019.10.28"]
[EventType "team-tourn"]
[EventCountry "TUR"]
[SourceTitle "playchess.com"]
[Source "ChessBase"]
[SourceQuality "1"]

1. e4 Nf6 2. e5 Nd5 3. d4 d6 4. Nf3 g6 5. c4 Nb6 6. Be2 Bg7 7. O-O O-O 8. Nc3 Bf5 9. Bf4 Nc6 10. exd6 cxd6 11. Rc1 e5 12. Bg5 f6 13. Be3 Bg4 14. d5 Bxf3 15. Bxf3 Ne7 16. Be2 f5 17. f4 Rc8 18. fxe5 Bxe5 19. b3 Nd7 20. Nb5 a6 21. Nd4 Qa5 22. Rc2 Nc5 23. Bg5 Rf7 24. Ne6 Ne4 25. Bf3 Nc3 26. Qd2 b5 27. c5 b4 28. Bxe7 Rxe7 29. c6 Kh8 30. Re1 Rxc6 31. Rxe5 dxe5 32. dxc6 Rxe6 33. Qd7 Qc5+ 34. Kh1 Qe3 35. Qd2 Qxd2 36. Rxd2 e4 37. c7 Rc6 38. Rd8+ Kg7 39. c8=Q Rxc8 40. Rxc8 exf3 41. gxf3 Nxa2 42. Rc5 a5 43. Rxa5 Nc1 44. Rb5 Nxb3 45. Rxb4 Nc5 46. Rb6 Kh6 47. Rd6 Kg5 48. Kg2 Kf4 49. Kf2 Ke5 50. Rd2 Kf6 51. Rd6+ Ke5 52. Rd8 Kf6 53. Ke3 f4+ 54. Ke2 Ne6 55. Rd7 Nf8 56. Rd6+ Ne6 57. Kd3 Ke5 58. Rb6 Nd4 59. Rb7 h5 60. Re7+ Kf6 61. Re4 Ne6 62. Ke2 g5 63. Ra4 g4 64. Kf2 Kg5 65. Ra5+ 1/2-1/2

[Event "WY U-16 Chess Olympiad 2019"]
[Site "Corum"]
[Date "2019.11.05"]
[Round "9"]
[White "Amin-Erdene Burmaa"]
[Black "Alvarez Angel, Nelson Eduardo"]
[Result "1-0"]
[WhiteElo "1793"]
[BlackElo "1974"]
[Annotator "NA"]
[PlyCount "97"]
[EventDate "2019.10.28"]
[EventType "team-tourn"]
[EventCountry "TUR"]
[SourceTitle "playchess.com"]
[Source "ChessBase"]
[SourceQuality "1"]

1. e4 c5 2. Nf3 Nc6 3. d4 cxd4 4. Nxd4 Qb6 5. Nb3 Nf6 6. Nc3 e6 7. Qe2 d6 8. g4 Be7 9. Be3 Qc7 10. g5 Nd7 11. h4 a6 12. O-O-O b5 13. f4 Nc5 14. Nxc5 dxc5 15. e5 Bb7 16. Bg2 O-O 17. h5 Rfd8 18. g6 Nd4 19. gxf7+ Kxf7 20. Bxd4 cxd4 21. Bxb7 Qxb7 22. Ne4 Rac8 23. Kb1 Kg8 24. Rhg1 Qc6 25. Rd3 Kh8 26. Rdg3 Rg8 27. Qg2 Bf8 28. Ng5 h6 29. Nf7+ Kh7 30. Qe2 Rh8 31. Qd3+ Kg8 32. Nxh8 Kxh8 33. Rg6 Qd7 34. Rf1 Bc5 35. f5 exf5 36. Qxf5 Qb7 37. Qf3 Qe7 38. e6 Qh4 39. Qg4 Qxg4 40. Rxg4 Re8 41. Re4 Kg8 42. a3 Re7 43. b4 Bb6 44. Rf5 Re8 45. e7 Bc7 46. Re6 Bg3 47. Rf8+ Rxf8 48. exf8=Q+ Kxf8 49. Rxa6 1-0